How tubes and transistors amplify. (Record no. 545672)
[ view plain ]
| 000 -LEADER | |
|---|---|
| fixed length control field | 00499cam a2200157u 4500 |
| 082 ## - DEWEY DECIMAL CLASSIFICATION NUMBER | |
| Classification number | 621.381528 |
| Author Mark | GIL |
| -- | L-11, P-56 |
| 100 1# - MAIN ENTRY--PERSONAL NAME | |
| Personal name | Gillie, Angelo C. [from old catalog] |
| 9 (RLIN) | 41609 |
| 245 10 - TITLE STATEMENT | |
| Title | How tubes and transistors amplify. |
| 260 ## - PUBLICATION, DISTRIBUTION, ETC. | |
| Place of publication, distribution, etc. | USA |
| Name of publisher, distributor, etc. | Englewood Cliffs, N.J |
| Date of publication, distribution, etc. | 1959 |
| 300 ## - PHYSICAL DESCRIPTION | |
| Extent | xvi, 262 p. |
| Other physical details | illus. |
| Dimensions | 25 cm. |
| 526 ## - STUDY PROGRAM INFORMATION NOTE | |
| Program name | 0 |
| Interest level | 0 |
| Reading level | 0 |
| Title point value | 621_381528000000000_GIL |
| 650 #0 - SUBJECT ADDED ENTRY--TOPICAL TERM | |
| Topical term or geographic name entry element | Amplifiers (Electronics) |
| 9 (RLIN) | 41610 |
| 650 #0 - SUBJECT ADDED ENTRY--TOPICAL TERM | |
| Topical term or geographic name entry element | Transistors. |
| 9 (RLIN) | 41555 |
| 650 #0 - SUBJECT ADDED ENTRY--TOPICAL TERM | |
| Topical term or geographic name entry element | Vacuum-tubes. |
| 9 (RLIN) | 41611 |
| 942 ## - ADDED ENTRY ELEMENTS (KOHA) | |
| Source of classification or shelving scheme | |
| Koha item type | Book |
| Withdrawn status | Lost status | Source of classification or shelving scheme | Damaged status | Not for loan | Permanent Location | Current Location | Date acquired | Total Checkouts | Full call number | Barcode | Date last seen | Price effective from | Koha item type |
|---|---|---|---|---|---|---|---|---|---|---|---|---|---|
| Military College of Engineering (MCE) | Military College of Engineering (MCE) | 05/27/2014 | 621.381528 GIL | MCE-2201 | 05/27/2014 | 05/27/2014 | Book |
